| 000 | nam a22 a 4500 | ||
|---|---|---|---|
| 999 |
_c435578 _d435578 |
||
| 003 | BLK | ||
| 005 | 20211103114445.0 | ||
| 008 | 180409b bul|||||r ||||||| ||bul|| | ||
| 010 | _aKNG00149513000 | ||
| 040 | _aBLK | ||
| 041 |
_aBUL _cBUL |
||
| 080 |
_aБългарска литература _b821.163.2 _x-1 _z821.163.2-1 |
||
| 100 | 1 |
_aТодоров, Ангел _eпърви автор _gТошков, Ангел Тодоров _9367241 |
|
| 139 |
_aТодоров, Ангел Т. _bТ 64 |
||
| 245 | 1 | 0 |
_aИзбрани стихотворения _cАнгел Тодоров. |
| 257 | _aBGR | ||
| 260 |
_bБългарски писател _c1957 _9460676 _aСофия |
||
| 300 |
_a264 с., 1 л. : портр. _c22 см |
||
| 380 | _aX | ||
| 852 |
_aЦб 6576 _bЦб |
||
| 942 |
_cKNG _n0 _s1 |
||
| 944 |
_aCR _c2021-11-03 _l2021-11-03 _kРенета Константинова |
||